| 000 | 00589nam a2200145Ia 4500 | ||
|---|---|---|---|
| 008 | 140724s9999 xx 000 0 und d | ||
| 050 |
_aLC 4713.2 _b.D275 2012 |
||
| 100 | _aDayandante, Donna Camille C. | ||
| 245 |
_aParents attitude toward their children with special needs : _binfluence on personal adjustment and care of children with special needs / _cDonna Camille C. Dayandante. |
||
| 260 |
_aLas PiƱas, Philippines : _bSouthville International School and Colleges, _cc2012. |
||
| 300 |
_a161 p. : _bill. ; _c28 cm. |
||
| 521 | _aSpecial Education | ||
| 942 | _cTH | ||
| 999 |
_c228646 _d228646 |
||